000 00707nam a2200241Ia 4500
003 OSt
005 20220928121535.0
006 a|||||r|||| 00| 0
007 ta
008 220927b |||||||| |||| 00| 0 eng d
024 _a35451
037 _cTextual
040 _aSDCL
_cSDCL
_beng
041 _2eng
_aeng
082 _aT4:(X:6).73'N8, M1
100 _aBreneman David W
_9452944
245 0 _aFinancing community colleges
_b A economic perspective.
260 _aWashington
_bBrookings
_c1981
300 _axiii,222p.
_ccm.
700 _a Nelson Susan C
_9452945
942 _hT4:(X:6).73'N8, M1
_cTEXL
_2CC
999 _c766881
_d766881